[Event "Thy Klub 2016"]
[Site "Thy Skakklub, Thisted"]
[Date "2015.12.01"]
[Round "4"]
[White "Jacobsen, Tummas"]
[Black "Jessen, Kai"]
[Result "1/2-1/2"]
[WhiteElo "1957"]
[BlackElo "1838"]

1.d4 d5 2.c4 e6 3.Nf3 Nf6 4.Nc3 Be7 5.Bf4 a6 6.e3 O-O 7.Rc1 c6 8.Bd3 Nbd7 9.h3
dxc4 10.Bxc4 Nd5 11.Bh2 Nxc3 12.bxc3 b5 13.Bd3 Bb7 14.O-O c5 15.Ne5 c4 16.Bc2
Bd6 17.Qh5 h6 18.Ng4 Bxh2+ 19.Nxh2 Nf6 20.Qh4 Qa5 21.Bb1 Rfd8 22.e4 Rab8
23.Nf3 Qc7 24.Rfd1 a5 25.Ne5 Ba6 26.Qg3 Rb6 27.a3 Qd6 28.Ng4 Nxg4 29.Qxd6
Rdxd6 30.hxg4 b4 31.axb4 axb4 32.cxb4 Rxb4 33.e5 Rd7 34.Be4 Bb7 35.Bxb7 Rdxb7
36.f3 Rc7 37.Rc3 Rb3 38.Rdc1 Rxc3 39.Rxc3 f6 40.Kf2 Kf7 41.Ke3 g6 42.g3 f5
43.gxf5 gxf5 44.g4 Kg6 45.Kf4 fxg4 46.fxg4 Rc8 47.Ke4 Kf7 48.d5 exd5+ 49.Kxd5
Rd8+ 50.Ke4 Rg8 51.Kf4 Rc8 52.Kf5 Rc5 53.g5 hxg5 54.Kxg5 Rxe5+ 55.Kf4 Rh5
56.Ke4 {#d} 1/2-1/2

[Event "Holdkskak "]
[Site "Thy Skakklub"]
[Date "2017.02.26"]
[Round "6"]
[White "Michael René Christensen"]
[Black "Bent Olesen"]
[Result "1-0"]
[WhiteElo "1613"]
[BlackElo "1973"]

1.e4 e6 2.d4 b6 3.Bd3 Bb7 4.Ne2 d6 5.O-O Nd7 6.f4 Ne7 7.Ng3 d5 8.e5 g6 9.c3
Bg7 10.Nd2 h5 11.h4 c5 12.Nf3 Nc6 13.Qc2 Nf8 14.Be3 c4 15.Be2 Qe7 16.f5 exf5
17.Nxf5 gxf5 18.Qxf5 Bc8 19.Qc2 Ne6 20.Ng5 Nxg5 21.Bxg5 Qe6 22.Bf6 Bxf6
23.Rxf6 Qe7 24.Rxc6 Qxh4 25.Rf6 Rg8 26.Qh7 Rf8 27.Bxh5 Qg5 28.Bxf7+ Kd8
29.Bxd5 {#r} 1-0

[Event "Thy Open 2017"]
[Site "Thy Skakklub, Thisted"]
[Date "2017.03.23"]
[Round "4"]
[White "Kai Jessen"]
[Black "Jens Grud Sørensen"]
[Result "0-1"]
[WhiteElo "1804"]
[BlackElo "1835"]

1.Nf3 c5 2.e3 g6 3.c4 Bg7 4.Nc3 e6 5.d4 cxd4 6.exd4 d5 7.cxd5 exd5 8.Qb3 Nc6
9.Qxd5 Qe7+ 10.Be3 Be6 11.Qb5 Nf6 12.Ne5 O-O 13.Nxc6 bxc6 14.Qxc6 Rfc8 15.Qa4
Ng4 16.Bf4 {#R} 0-1

[Event "Thy Open 2017"]
[Site "Thy Skakklub - Thisted"]
[Date "2017.01.10"]
[Round "1"]
[White "Tummas Jacobsen"]
[Black "Jens Grud Sørensen"]
[Result "0-1"]
[WhiteElo "1823"]
[BlackElo "1835"]

1.d4 d5 2.c4 e5 3.e3 exd4 4.Qxd4 Nf6 5.cxd5 Qxd5 6.Nf3 Nc6 7.Qxd5 Nxd5 8.Bb5
Bd7 9.O-O O-O-O 10.Ng5 Ncb4 11.Bc4 Be8 12.Na3 h6 13.Nf3 Be7 14.Bd2 Nb6 15.Bb3
Nd3 16.Bc3 f6 17.Nc4 Bh5 18.Nd4 Nc5 19.Nxb6+ axb6 20.Bc2 Bd6 21.Rac1 Rhe8
22.Nb5 Be2 23.Nxd6+ Rxd6 24.Rfe1 Bd3 25.Bd1 Bf5 26.Bd4 Nd3 27.Bc2 Nxe1
28.Bxf5+ Kb8 29.Rxe1 Rxd4 30.Bg6 Re7 31.Bh5 Rd2 32.Rb1 Re5 33.Bd1 Rf5 34.Bf3
Rb5 35.b3 Rxa2 36.g3 Rc5 37.Be4 f5 38.Bd3 Rd5 39.Bc4 Rdd2 40.Rf1 Rab2 41.Be6
g6 42.Kg2 c6 43.h4 Rd6 44.Bf7 Rf6 45.Bc4 Kc7 46.Kf3 Kd7 47.Ra1 Rd6 48.g4 Rdd2
49.Rf1 fxg4+ 50.Kxg4 Ke7 {Thy Open 2017 - 1. parti} {#R} 0-1

[Event "Thy Open 2017"]
[Site "Thy Skakklub, Thisted"]
[Date "2017.01.24"]
[Round "2"]
[White "Jens Grud Sørensen"]
[Black "Torben Laursen"]
[Result "1-0"]
[WhiteElo "1835"]
[BlackElo "1653"]

1.e4 e6 2.d4 g6 3.Nf3 d6 4.Nc3 Nd7 5.Bg5 f6 6.Be3 Ne7 7.Bc4 Nb6 8.Bb3 Bg7
9.Qd2 d5 10.Bh6 O-O 11.O-O-O c6 12.h4 a5 13.a4 Bd7 14.h5 Be8 15.Bxg7 Kxg7
16.e5 Nf5 17.g4 Ne7 18.exf6+ Rxf6 19.Ng5 h6 20.Nh3 g5 21.f4 gxf4 22.Rdf1 Nc4
23.Bxc4 dxc4 24.Ne4 Rf8 25.Nxf4 Bf7 26.g5 Nf5 27.gxh6+ Kh7 28.Nxe6 Bxe6
29.Ng5+ Kh8 30.Nxe6 Qd5 31.Nxf8 Rxf8 32.Qg5 Rf7 33.Rhg1 {#r} 1-0

[Event "Thy Open 2017"]
[Site "Thy Skakklub, Thisted"]
[Date "2017.03.28"]
[Round "5"]
[White "Jens Grud Sørensen"]
[Black "Uffe Kallenbach"]
[Result "1-0"]
[WhiteElo "1835"]
[BlackElo "1661"]

1.e4 c5 2.Nf3 Nf6 3.e5 Nd5 4.c4 Nb4 5.Nc3 e6 6.Be2 d5 7.exd6 Bxd6 8.O-O Nd7
9.a3 Nc6 10.Nb5 Be7 11.d4 a6 12.Nc3 cxd4 13.Nxd4 Nxd4 14.Qxd4 O-O 15.Rd1 Bc5
16.Qg4 Qe7 17.Bf4 f5 18.Qg3 Nf6 19.b4 e5 20.Bxe5 Re8 21.Bxf6 Bxf2+ 22.Qxf2
Qxf6 {#r} 1-0

[Event "Thy Open 2017"]
[Site "Thy Skakklub, Thisted"]
[Date "2017.04.25"]
[Round "7"]
[White "Finn Munk Andersen"]
[Black "Jens Grud Sørensen"]
[Result "0-1"]
[WhiteElo "1679"]
[BlackElo "1835"]

1.d4 Nf6 2.f3 d5 3.e4 dxe4 4.Nc3 Bf5 5.fxe4 Nxe4 6.Qf3 Nxc3 7.bxc3 Qc8 8.Bc4
e6 9.Ne2 Bd6 10.O-O O-O 11.Bd3 Bxd3 12.cxd3 Nd7 13.Bg5 c6 14.Qh3 e5 15.Rf3 Re8
16.Raf1 f6 17.Be3 exd4 18.cxd4 Nf8 19.Qh4 Qe6 20.Nf4 Bxf4 21.Bxf4 Ng6 22.Qg3
Nxf4 23.Qxf4 Rad8 24.Rg3 Kh8 25.Qc7 Rd7 26.Qa5 a6 27.Qa4 Qd5 28.Rg4 Re2 29.Qb4
h5 30.Qf8+ Kh7 31.Rg3 Qxd4+ 32.Kh1 Qf2 {#R} 0-1

[Event "Thy Open 2017"]
[Site "Thy Skakklub, Thisted"]
[Date "2017.04.04"]
[Round "8"]
[White "Jens Grud Sørensen"]
[Black "Hans Jørgen Christensen"]
[Result "1-0"]
[WhiteElo "1835"]
[BlackElo "1320"]

1.e4 e5 2.d4 Nf6 3.dxe5 Nxe4 4.Bc4 Be7 5.Bxf7+ Kxf7 6.Qd5+ Ke8 7.Qxe4 Nc6
8.Nf3 d5 9.exd6 cxd6 10.O-O h6 11.Nc3 Rf8 12.Nd4 Nxd4 13.Qxd4 Bf5 14.Bf4 Rf7
15.Nb5 Rf6 16.Rfe1 Kf7 17.Rad1 Qa5 18.Bxd6 Qxb5 19.Rxe7+ Kg6 20.g4 Bxc2 21.Rc1
Rd8 22.Rxc2 Rdxd6 23.Qe4+ Kg5 24.Re5+ Qxe5 25.Qxe5+ {#r} 1-0

[Event "Holdskak 2017/18"]
[Site "Thy Skakklub"]
[Date "2017.11.05"]
[Round "1"]
[White "Jesper Maul Vidriksen"]
[Black "Ove Kroll"]
[Result "0-1"]
[WhiteElo "2042"]
[BlackElo "2311"]

1.e4 c5 2.Nf3 Nc6 3.d4 cxd4 4.Nxd4 g6 5.Be3 Bg7 6.Nc3 Nf6 7.Bc4 O-O 8.f3 Qb6
9.Bb3 Ng4 10.Nd5 Nxe3 11.Nxb6 Bxd4 12.Qd2 Bxb6 13.h4 h5 14.g4 Ne5 15.Ke2 hxg4
16.fxg4 d6 17.Rag1 Bxg4+ 18.Rxg4 N3xg4 19.h5 Kg7 20.Qg5 f6 21.Qd2 Rh8 22.Qd5
Rac8 23.Qxb7 Rc7 24.Qd5 Ne3 25.Qe6 Nxc2 26.h6+ Kh7 27.Bxc2 Rxc2+ 28.Kd1 Rc7
29.Rh3 Rhc8 30.Rc3 Kxh6 31.Rxc7 Rxc7 32.Qg8 Kg5 33.Qb3 Rc4 34.Qg3+ Ng4 35.Qg2
Rxe4 36.Kd2 d5 37.Kd3 e5 38.b3 Re3+ 39.Kd2 e4 {#R} 0-1

[Event "Holdskak A-rækken 2017/18"]
[Site "Thy Skakklub"]
[Date "2017.11.23"]
[Round "2"]
[White "Per Christensen"]
[Black "Freddy Nikkelborg"]
[Result "1-0"]
[WhiteElo "1600"]
[BlackElo "1292"]

1.e4 e6 2.d4 d5 3.Nc3 Nf6 4.Bg5 Be7 5.Bd3 dxe4 6.Nxe4 Nxe4 7.Bxe7 Qxe7 8.Bxe4
c6 9.f4 Nd7 10.Nf3 Nf6 11.Bd3 Qb4+ 12.Qd2 Qxd2+ 13.Nxd2 O-O 14.O-O-O Rd8
15.Ne4 Nxe4 16.Bxe4 a5 17.a4 Rd6 18.c4 f5 19.Bf3 Rd8 20.Rhe1 Kf7 21.Re5 Ra6
22.d5 cxd5 23.cxd5 Ke7 24.Rde1 Rad6 25.Rxf5 g6 26.Rfe5 Kf6 27.Rd1 b6 28.g4 g5
29.Rxg5 {#r} 1-0

[Event "Holdskak A-rækken 2017/18"]
[Site "Thy Skakklub"]
[Date "2017.11.23"]
[Round "2"]
[White "Jonas Baake"]
[Black "Uffe Kallenback"]
[Result "1-0"]
[WhiteElo "1378"]
[BlackElo "1606"]

1.d4 Nf6 2.Nf3 e6 3.e3 d5 4.c4 Nbd7 5.Bd3 c6 6.O-O Bd6 7.Nc3 O-O 8.Bd2 Re8
9.cxd5 exd5 10.Qc2 Qe7 11.e4 dxe4 12.Nxe4 Nxe4 13.Rfe1 f5 14.Ng5 Ndf6 15.f3
Qc7 16.Bc4+ Nd5 17.fxe4 Bxh2+ 18.Kh1 fxe4 19.Rxe4 Rxe4 20.Qxe4 g6 21.Qe8+ {#r}
1-0

[Event "Holdskak M-rækken 2017/18"]
[Site "Thy Skakklub"]
[Date "2017.12.03"]
[Round "3"]
[White "Jacob Nygaard"]
[Black "Ove Kroll"]
[Result "0-1"]
[WhiteElo "1729"]
[BlackElo "2311"]

1.d4 g6 2.e4 Bg7 3.Be3 c5 4.c3 Nf6 5.f3 d5 6.e5 Nfd7 7.Bb5 O-O 8.Bxd7 Bxd7
9.Ne2 Nc6 10.O-O Qb6 11.Qd2 cxd4 12.cxd4 Na5 13.b3 Bb5 14.Nbc3 Rfd8 15.Rac1
Nc6 16.Nxb5 Qxb5 17.Rc5 Qa6 18.Rfc1 f6 19.exf6 Bxf6 20.Nf4 Rd7 21.Nxd5 Bg7
22.Nb4 Nxb4 23.Qxb4 Rad8 24.Rc8 Rxc8 25.Rxc8+ Kf7 26.Qc4+ Qxc4 27.Rxc4 b5
28.Rb4 Rd5 29.a4 a6 30.axb5 axb5 31.Bd2 e6 32.Kf2 Bf8 33.Ke3 Ke8 34.h3 Kd7
35.Ke4 Kc6 36.Be1 Bd6 37.f4 Rf5 38.g3 Rf7 39.Kd3 Bxb4 40.Bxb4 Kd5 41.h4 Ra7
42.Bc5 Ra2 43.Ke3 Rb2 44.b4 Rb3+ 45.Kf2 Ke4 46.Kg2 h5 {#R} 0-1

[Event "Holdskak M-rækken 2017/18"]
[Site "Thy Skakklub"]
[Date "2017.12.03"]
[Round "3"]
[White "Finn Munk Andersen"]
[Black "Henrik Jensen"]
[Result "1-0"]
[WhiteElo "1654"]
[BlackElo "1393"]

1.d4 Nf6 2.f3 d6 3.e4 g6 4.Bc4 Bg7 5.Ne2 O-O 6.Bg5 h6 7.Be3 Nbd7 8.Qd2 Kh7
9.O-O e5 10.c3 Ng8 11.Ng3 Qe7 12.f4 exf4 13.Bxf4 Rb8 14.Na3 a6 15.Bd3 b5
16.Rae1 Nb6 17.e5 d5 18.Nh5 Be6 19.Nxg7 Kxg7 20.Qf2 f5 21.exf6+ Nxf6 22.Qg3
Qf7 23.Rxe6 {#r} 1-0

[Event "Holdskak M-rækken 2017/18"]
[Site "Thy Skakklub"]
[Date "2017.12.03"]
[Round "3"]
[White "Henrik Sejersen"]
[Black "Torben Laursen"]
[Result "0-1"]
[WhiteElo "1351"]
[BlackElo "1637"]

1.e4 e6 2.d4 d5 3.Nc3 g6 4.Nf3 Nc6 5.Be2 Bg7 6.O-O Nge7 7.Bg5 f6 8.Be3 O-O
9.Qd2 a6 10.Bd3 Nb4 11.Be2 dxe4 12.Nxe4 Nbd5 13.Bc4 Nf5 14.a4 b6 15.Bb3 Qe7
16.c4 Ndxe3 17.fxe3 Bb7 18.Qd3 Bh6 19.Rae1 a5 20.c5 Ba6 21.Bc4 Bxc4 22.Qxc4
Nxe3 23.Qb5 Nxf1 24.Rxf1 f5 25.Nc3 bxc5 26.d5 e5 27.Qc4 Kh8 28.Kh1 e4 29.Ne1
Rfd8 30.Nb5 Qe5 31.Qxc5 Rxd5 32.Qc6 Rc8 33.Qa6 Rcd8 34.Nc3 Rc5 35.Nc2 c6
36.Qb6 Rb8 37.Qa6 Qe7 38.Rd1 Rd8 39.Nd4 Qf6 40.Nce2 Be3 41.Qb6 Bxd4 42.Rxd4
Qxd4 43.Nxd4 Rc1# 0-1

[Event "Holdskak A - 2017/18"]
[Site "Thy Skakklub"]
[Date "2017.12.07"]
[Round "3"]
[White "Knud S. Mathisen"]
[Black "Uffe Kallenback"]
[Result "1/2-1/2"]
[WhiteElo "1585"]
[BlackElo "1606"]

1.e4 c5 2.Nf3 Nf6 3.Nc3 Nc6 4.Bc4 e6 5.a3 d5 6.exd5 exd5 7.Qe2+ Be7 8.Bb5 O-O
9.Bxc6 bxc6 10.O-O Bf5 11.d3 Re8 12.Qd2 d4 13.Ne2 Bd6 14.Ng3 Be6 15.Ng5 Bd5
16.f4 h6 17.Nh3 Ng4 18.Qd1 Qd7 19.f5 Ne3 20.Bxe3 Rxe3 21.Qg4 Rae8 22.Nh5 Be5
23.N3f4 f6 24.Nxd5 cxd5 25.Nf4 Bxf4 26.Qxf4 Re2 27.Rac1 R8e5 28.g4 Qa4 29.Rf2
Re1+ 30.Rxe1 Rxe1+ 31.Kg2 Qe8 32.Qf3 {#d} 1/2-1/2

[Event "Holdskak A  - 2017/18"]
[Site "Thy Skakklub"]
[Date "2017.12.07"]
[Round "3"]
[White "Per Christensen"]
[Black "Jesper Lund Thomsen"]
[Result "1/2-1/2"]
[WhiteElo "1600"]
[BlackElo "1545"]

1.e4 c6 2.d4 d5 3.Nc3 dxe4 4.f3 exf3 5.Nxf3 Bg4 6.Bc4 e6 7.O-O Bxf3 8.Qxf3
Qxd4+ 9.Kh1 Nf6 10.Bb3 Be7 11.Be3 Qg4 12.Qf2 Nbd7 13.Ne2 O-O 14.h3 Qg6 15.Ng3
Bd6 16.Bf4 Bxf4 17.Qxf4 Nc5 18.c3 Nxb3 19.axb3 Nh5 20.Nxh5 Qxh5 21.Rae1 Rae8
22.Qc7 Qb5 23.Rd1 Qb6 24.Qd7 Rd8 25.Qe7 Rde8 26.Qd7 {#d} 1/2-1/2

[Event "Holdskak A - 2017/18"]
[Site "Thy Skakklub"]
[Date "2017.12.07"]
[Round "3"]
[White "Torben Peter Laursen"]
[Black "Claus Ove Hansen"]
[Result "1-0"]
[WhiteElo "1637"]
[BlackElo "1678"]

1.d4 d5 2.Nf3 Nf6 3.Nbd2 e6 4.e3 Bd6 5.a3 O-O 6.Be2 Nbd7 7.b3 b6 8.Bb2 Bb7
9.O-O c5 10.c3 Rc8 11.Rc1 Bb8 12.g3 Ne4 13.Nh4 f5 14.Ng2 Rf6 15.Bf3 Rh6
16.Bxe4 fxe4 17.f4 Nf6 18.g4 Nxg4 19.Qxg4 Rg6 20.Qh5 Bc6 21.Kh1 Be8 22.Qh4 Qd7
23.Rg1 Bc7 24.Qf2 Bd8 25.c4 Bf6 26.Rcf1 Rh6 27.f5 Qd6 28.Qf4 Qe7 29.Ne1 Rh4
30.Qg3 Bh5 31.Rf4 exf5 32.Ng2 Rxf4 33.Nxf4 Bh4 34.Nxd5 Qf7 35.Qxh4 Kf8 36.dxc5
g6 37.Rf1 Bf3+ 38.Nxf3 exf3 39.Rxf3 {Truer Qd4} {#r} 1-0

[Event "Holdskak A - 2017/18"]
[Site "Thy Skakklub"]
[Date "2017.12.07"]
[Round "3"]
[White "Askov K. Hove"]
[Black "Benny Bengtsen"]
[Result "0-1"]
[WhiteElo "1357"]
[BlackElo "1565"]

1.b4 d5 2.Bb2 e6 3.d3 Bxb4+ 4.Nd2 Bxd2+ 5.Qxd2 Nf6 6.Nf3 O-O 7.h3 c5 8.Be5 Nc6
9.Bb2 b5 10.e3 a5 11.Be2 Rb8 12.Ne5 Nxe5 13.Bxe5 Rb7 14.O-O Nd7 15.Bb2 c4
16.Qc3 f6 17.Rfb1 b4 18.Qd4 c3 19.Bc1 Qb6 20.Qg4 e5 21.Qg3 Nc5 22.f3 Be6
23.Kh2 Qc6 24.d4 exd4 25.exd4 Nd7 26.Bh6 Nb6 27.Re1 Bf5 28.Rab1 Bg6 29.Bf4 Nc4
30.Bxc4 Qxc4 31.Bd6 Re8 32.Rxe8+ Bxe8 33.Re1 Qc6 34.Re6 Rf7 35.Qg4 Bd7 {#T}
0-1

[Event "Holdskak - Mesterrækken"]
[Site "Skive"]
[Date "2018.01.28"]
[Round "5"]
[White "Ove Kroll"]
[Black "Lars Schøning"]
[Result "1-0"]
[WhiteElo "2317"]
[BlackElo "1906"]

1.d4 Nf6 2.c4 c5 3.d5 e5 4.Nc3 d6 5.e4 Nbd7 6.Bd3 Be7 7.Nge2 h5 8.h4 a6 9.f3
Nf8 10.Be3 Bd7 11.a3 Ng6 12.Qd2 Qc8 13.b4 b5 14.bxc5 dxc5 15.g3 b4 16.axb4
cxb4 17.Na4 Bxa4 18.Rxa4 a5 19.Nc1 b3 20.Rxa5 b2 21.Nb3 Rxa5 22.Nxa5 Qb8
23.O-O Ba3 24.Qc3 Qb4 25.Qxb4 Bxb4 26.Nc6 Ba3 27.Na7 O-O 28.Nb5 Ra8 29.Rb1 Nd7
30.Kf2 Nc5 31.Bc2 Na4 32.Bxa4 {#r} 1-0

[Event "Holdskak  2018 - Mesterrækken"]
[Site "Skive"]
[Date "2018.01.28"]
[Round "5"]
[White "Egon Madsen"]
[Black "Michael Ankersen"]
[Result "1-0"]
[WhiteElo "1686"]
[BlackElo "1537"]

1.e4 e5 2.Nf3 Nc6 3.Bc4 h6 4.Nc3 Nf6 5.d3 Bb4 6.O-O d6 7.h3 O-O 8.Be3 Be6
9.Bxe6 fxe6 10.a3 Ba5 11.Qe2 a6 12.Rac1 Re8 13.Nh2 d5 14.exd5 exd5 15.Bd2 e4
16.dxe4 Nxe4 17.Nxe4 Rxe4 18.Qd1 Bxd2 19.Qxd2 Nd4 20.Rce1 Qe7 21.Rxe4 Qxe4
22.Re1 Qh4 23.c3 Nc6 24.Qxd5+ Kh8 25.Qd7 Qd8 26.Rd1 Qxd7 27.Rxd7 Rc8 28.Nf3
Na5 29.Ne5 Nb3 30.Ng6+ Kh7 31.Ne7 Nc5 32.Nxc8 Nxd7 33.Ne7 Ne5 34.Nd5 c6 35.Ne3
Nd3 36.b4 c5 37.Kf1 b5 38.Ke2 c4 39.Nd5 Nc1+ 40.Ke3 Na2 41.Kd4 Nc1 42.Kc5 Nd3+
43.Kb6 {#r} 1-0

[Event "Holdskak  A-rækken 2017/18"]
[Site "Viborg"]
[Date "2018.02.01"]
[Round "5"]
[White "Finn Jepsen"]
[Black "Karsten Fisker"]
[Result "1-0"]
[WhiteElo "1320"]
[BlackElo "1309"]

1.d4 d5 2.c4 Nf6 3.Nf3 dxc4 4.Nc3 e6 5.e3 Nc6 6.Bxc4 Bd6 7.O-O O-O 8.Qc2 e5
9.dxe5 Nxe5 10.Be2 Nc6 11.a3 g6 12.Rd1 Qe7 13.Nb5 Bc5 14.b4 a6 15.Nc3 Bd6
16.Bb2 Rd8 17.Kf1 Bf5 18.Bd3 Bg4 19.Be2 Bxf3 20.Bxf3 Bxh2 21.g3 Ne5 22.Kg2
Nfg4 23.Nd5 Qg5 24.Bxe5 Qxe5 25.Bxg4 Rxd5 26.Kxh2 Rad8 27.Rxd5 Rxd5 28.Rd1
Rxd1 29.Bxd1 b6 30.Qd3 Qf6 31.Kg2 a5 32.bxa5 bxa5 33.Qd4 Qc6+ 34.Bf3 Qc1
35.Qa4 c5 36.Qxa5 c4 37.Qa4 c3 38.Be4 Kg7 39.Qb3 f5 40.Bd3 Kh6 41.a4 Qa1
42.Qc2 Qa3 43.e4 fxe4 44.Bxe4 Kg5 45.f3 Kf6 46.Kf2 Qc5+ 47.Ke2 Qc4+ 48.Ke3 Ke5
49.a5 Qc5+ 50.Kd3 Qb5+ 51.Kxc3 Qxa5+ 52.Kd3 Qb5+ 53.Qc4 Qb1+ 54.Ke2 Qb2+
55.Qc2 Qb5+ 56.Bd3 Qb8 57.Qc5+ Kf6 58.Qc6+ Ke7 59.Qe4+ Kf6 60.Qf4+ Qxf4
61.gxf4 h6 62.Kf2 g5 63.f5 Ke5 64.Kg3 h5 65.Bb1 h4+ 66.Kg4 Kf6 67.Bd3 Kg7
68.Bf1 Kf6 69.Bh3 Kg7 70.Kxg5 Kh7 71.Kf6 Kg8 72.Ke7 {#r} 1-0

[Event "Holdskak - Mesterrækken"]
[Site "Thisted"]
[Date "2018.02.11"]
[Round "6"]
[White "Jørn Christensen Hvid"]
[Black "Egon Rysgaard Madsen"]
[Result "1/2-1/2"]
[WhiteElo "2007"]
[BlackElo "1686"]

1.d4 d5 2.c4 e6 3.Nf3 Nf6 4.g3 Be7 5.Bg2 O-O 6.O-O Nbd7 7.Nc3 b6 8.cxd5 exd5
9.Nh4 c6 10.Nf5 Re8 11.Qc2 Nf8 12.Nxe7+ Qxe7 13.f3 Bb7 14.Bg5 h6 15.Bd2 Rac8
16.Bh3 Rc7 17.Bf4 Bc8 18.Bg2 Rb7 19.e4 Ng6 20.Bd2 dxe4 21.Nxe4 Nxe4 22.fxe4
Rc7 23.Bc3 Be6 24.a3 Qd7 25.Rae1 Bh3 26.Bxh3 Qxh3 27.e5 Qe6 28.Qe4 Ne7 29.Bb4
c5 30.Rc1 Rec8 31.dxc5 bxc5 32.Ba5 Rd7 33.Qc4 Rd5 34.Bc3 Rcd8 35.Qa4 a6
36.Rce1 Nf5 37.Rf2 Nd4 38.Bxd4 cxd4 39.Ref1 R8d7 40.Qc4 Rxe5 41.Qc8+ Kh7
42.Qf8 f6 43.Qb4 d3 44.Qc3 Re2 45.Rxe2 Qxe2 46.Re1 Qc2 47.Rc1 Qxc3 48.bxc3 d2
49.Rd1 Rd3 50.a4 Rxc3 51.Rxd2 Rc4 52.a5 Rc5 53.Ra2 Kg6 54.Kf2 Re5 55.Kf3 Kf7
56.Kf4 Ke6 57.h4 h5 58.Ra3 g5+ 59.Kf3 Kf5 60.Ra4 g4+ 61.Kf2 Ke6 62.Ra3 f5
63.Ra4 Rb5 64.Ke3 Re5+ {#d} 1/2-1/2

[Event "Holdskak M-rækken 2017/18"]
[Site "Skive"]
[Date "2018.03.04"]
[Round "7"]
[White "Jens Grud Sørensen"]
[Black "Niels H. Jensen"]
[Result "0-1"]
[WhiteElo "1895"]
[BlackElo "1701"]

1.e4 e5 2.Nf3 Nc6 3.Bc4 Be7 4.O-O d6 5.c3 Nf6 6.d3 O-O 7.Be3 Na5 8.Nbd2 Nxc4
9.Nxc4 b6 10.Bg5 Be6 11.Ne3 Ng4 12.Bxe7 Qxe7 13.Qd2 f5 14.exf5 Nxe3 15.Qxe3
Bxf5 16.Nd2 Rae8 17.a4 a5 18.b4 axb4 19.cxb4 d5 20.Rfb1 Qd7 21.Rc1 Qd6 22.b5
Bd7 23.Ra2 Ra8 24.Rac2 Rxa4 25.Rxc7 Bxb5 26.Rb7 Rd4 27.Qg3 Qf6 28.Rcc7 Bxd3
29.Rxg7+ Kh8 30.Nf3 Rc4 31.h3 Rc1+ 32.Kh2 Bg6 33.Rge7 e4 34.Ne5 Rcc8 35.Nxg6+
hxg6 36.Rh7+ Kg8 37.Rh6 Rc6 38.Rbh7 b5 39.h4 b4 40.h5 b3 41.Rb7 Qf5 42.hxg6
Qf4 43.Rh8+ Kxh8 44.g7+ {#r} 0-1

[Event "Holdskak M-rækken 2017/18"]
[Site "Skive"]
[Date "2018.03.04"]
[Round "7"]
[White "Jens Bak Larsen"]
[Black "Ove Kroll"]
[Result "0-1"]
[WhiteElo "1887"]
[BlackElo "2311"]

1.Nf3 c5 2.c4 g6 3.g3 Bg7 4.Bg2 Nc6 5.Nc3 d6 6.O-O Qd7 7.d3 b6 8.e3 Bb7 9.d4
cxd4 10.exd4 Nf6 11.Be3 O-O 12.Rc1 Rac8 13.a3 Na5 14.b3 Ne4 15.Nxe4 Bxe4
16.Nd2 Bxg2 17.Kxg2 d5 18.cxd5 Rxc1 19.Qxc1 Qxd5+ 20.Kg1 Nxb3 21.Qc4 Qxc4
22.Nxc4 Nxd4 23.Rd1 e5 24.a4 Rc8 25.Nd2 f5 26.Kg2 Kf7 27.Bxd4 exd4 28.Nf3 Rc4
29.Ng5+ Ke7 30.Re1+ Kd7 31.a5 bxa5 32.Rb1 Rb4 33.Rc1 Bh6 {#R} 0-1

[Event "Holdskak A  - 2017/18"]
[Site "Vorgod"]
[Date "2018.03.06"]
[Round "7"]
[White "Søren Krøjgaard"]
[Black "Finn Jepsen"]
[Result "0-1"]
[WhiteElo "1491"]
[BlackElo "1309"]

1.b4 d5 2.Bb2 Bf5 3.e3 e6 4.Nf3 Nd7 5.c4 dxc4 6.Bxc4 Ngf6 7.a3 Be7 8.Nc3 O-O
9.O-O c6 10.Nd4 Bg6 11.f3 Nb6 12.Bb3 Qc7 13.Nde2 Bd3 14.Rf2 Rad8 15.Bc2 Bxc2
16.Qxc2 Nbd5 17.Nxd5 Rxd5 18.e4 Rd7 19.d4 Rfd8 20.Rc1 Qb6 21.Kf1 a6 22.Nf4
Qb5+ 23.Ke1 Qb6 24.Bc3 Qc7 25.g3 Qb6 26.Nd3 Rc7 27.Nc5 Qa7 28.Rd2 Qb8 29.Rcd1
Nd7 30.Qb2 Bf6 31.e5 Be7 32.Nxd7 Rcxd7 33.Rd3 Qa7 34.Qf2 b6 35.f4 g6 36.h4 h5
37.Qf3 c5 38.d5 exd5 39.f5 gxf5 40.Qxf5 d4 41.Bd2 Rd5 42.Qxh5 Bf8 43.Bf4 Bg7
44.Qg4 Kf8 45.Kf1 Qd7 46.Qxd7 R8xd7 47.bxc5 bxc5 48.Rc1 Bxe5 49.Bxe5 Rxe5
50.Rc4 Rde7 51.Kg2 Kg7 52.Ra4 R7e6 53.Rd1 Re2+ 54.Kh3 Rc2 55.Rf1 d3 56.Raf4
Re7 57.Rg4+ Kf8 58.Rd1 d2 59.Rf4 Re1 60.Rf1 Rxf1 {#R} 0-1

[Event "Thy Open 2018"]
[Site "Thisted"]
[Date "2018.04.05"]
[Round "4"]
[White "Per Christensen"]
[Black "Jens Grud Sørensen"]
[Result "0-1"]
[WhiteElo "1602"]
[BlackElo "1858"]

1.e4 d6 2.f4 g6 3.Nf3 Bg7 4.Bc4 Nf6 5.Nc3 c6 6.d3 O-O 7.Be3 Ng4 8.Qe2 b5 9.Bb3
a5 10.a3 Nxe3 11.Qxe3 Nd7 12.Nd1 Nc5 13.Ba2 Bd7 14.c3 Na4 15.e5 Bf5 16.d4 Nb6
17.e6 fxe6 18.Bxe6+ Kh8 19.O-O Nd5 20.Bxd5 cxd5 21.Ng5 Qd7 22.h3 h6 23.Nf3
Rab8 24.Nf2 b4 25.g4 Bc2 26.Rac1 Ba4 27.Nh4 Qe8 28.Qe6 Rf6 29.Qxd5 Bc6 30.Qc4
Bb5 31.Qd5 Bxf1 32.Rxf1 Rxf4 33.Re1 Kh7 34.axb4 axb4 35.Re6 Qf7 36.Ne4 bxc3
37.bxc3 Rf1+ 38.Kh2 Rb2+ 39.Ng2 Qf4+ 40.Ng3 Rf3 {#R} 0-1

[Event "Thy Open 2018"]
[Site "Thisted"]
[Date "2018.04.26"]
[Round "6"]
[White "Tummas Jacobsen"]
[Black "Torben Laursen"]
[Result "0-1"]
[WhiteElo "1831"]
[BlackElo "1575"]

1.d4 d5 2.c4 dxc4 3.Nc3 e5 4.dxe5 Qxd1+ 5.Nxd1 Nc6 6.Bf4 Be6 7.Nc3 O-O-O 8.Nf3
h6 9.e3 Nge7 10.Be2 g5 11.Bg3 Bg7 12.h3 Ng6 13.Nb5 a6 14.Nbd4 Ncxe5 15.Nxe5
Bxe5 16.Nxe6 fxe6 17.Bxe5 Nxe5 18.O-O Rd2 19.Bh5 Rxb2 20.f4 gxf4 21.Rxf4 Rg8
22.g4 Kb8 23.Bf7 Rf8 24.Bxe6 Rxf4 25.exf4 Nf3+ 26.Kf1 c3 27.Bd5 Nd2+ 28.Ke1 c6
29.Be6 Kc7 30.Kd1 b5 31.g5 hxg5 32.fxg5 Kd6 33.Bf7 Ke7 34.g6 Kf6 35.a3 a5
36.Be8 c5 37.Bxb5 Rxb5 {#R} 0-1

[Event "Thy Klub 2018"]
[Site "Thisted"]
[Date "2018.11.15"]
[Round "6"]
[White "Jens Grud Sørensen"]
[Black "Chr. Volmer Nielsen"]
[Result "0-1"]
[WhiteElo "1878"]
[BlackElo "1887"]

1.e4 d5 2.exd5 Nf6 3.c4 c6 4.d4 cxd5 5.Nc3 Nc6 6.Nf3 e6 7.c5 Be7 8.Bb5 Bd7
9.O-O O-O 10.Bf4 Nh5 11.Bg3 Nxg3 12.hxg3 Bf6 13.Re1 Qc7 14.Bxc6 Bxc6 15.b4 b5
16.a4 a5 17.Nxb5 Bxb5 18.axb5 axb4 19.Qb3 Rxa1 20.Rxa1 e5 21.dxe5 Be7 22.Qxd5
Qxc5 23.Qxc5 Bxc5 24.Rc1 Bb6 25.Rc6 Rb8 26.Nd2 Kf8 27.Nc4 b3 28.Kf1 Bd4 29.Na3
b2 30.b6 Bxb6 31.Ke2 Bd4 32.Nb1 Bxe5 33.Kd1 g5 34.g4 f6 35.Kc2 Kf7 36.f3 Kg6
37.Rc4 h5 38.Nd2 hxg4 39.fxg4 Rb7 40.Kb1 Ra7 41.Nb3 Ra1+ 0-1

[Event "Holdskak Thy2"]
[Site "Skive"]
[Date "2019.01.15"]
[Round "4"]
[White "Jacob S, Svenningsen"]
[Black "Poul Hardy Ladefoged"]
[Result "0-1"]
[WhiteElo "1537"]
[BlackElo "1431"]

1.e4 e5 2.Nf3 Nc6 3.d4 exd4 4.Nxd4 Bc5 5.Nxc6 bxc6 6.Bc4 d6 7.O-O Nf6 8.Bg5 h6
9.Bh4 g5 10.Bg3 O-O 11.Nc3 Re8 12.Re1 Bg4 13.Qd2 Nh5 14.h3 Bxh3 15.gxh3 Nxg3
16.Na4 Nxe4 17.Rxe4 Rxe4 18.Qd3 Qe7 19.Qf3 Rxc4 20.Qxc6 Re8 21.Nc3 Bxf2+ {#R}
0-1

[Event "Holdskak Thy2"]
[Site "Skive"]
[Date "2019.01.15"]
[Round "4"]
[White "Kay L. Larsen"]
[Black "Jonas Bangsgaard"]
[Result "0-1"]
[WhiteElo "1188"]
[BlackElo "1184"]

1.e4 e6 2.Nf3 Nc6 3.d4 d5 4.e5 Nge7 5.c3 Nf5 6.Bd3 Be7 7.Bxf5 exf5 8.O-O Be6
9.Re1 O-O 10.Bf4 h6 11.Nbd2 {Sb til d2 er ikke godt, når næste træk er bonde
til b5.} g5 12.Be3 f4 13.Nb3 fxe3 14.Rxe3 g4 15.Ne1 Bg5 16.Rg3 Bf4 17.Rxg4+
Bxg4 18.Qxg4+ Qg5 19.Qxg5+ hxg5 {Løber slår b5 er bedre.} 20.Nd3 {g3 er bedre
end Sd3} f6 21.e6 {g3 er bedre end} b6 22.g3 Bd6 23.f4 gxf4 24.gxf4 f5 25.Nd2
Rae8 26.Re1 Rf6 27.Kf2 Rfxe6 28.Rxe6 Rxe6 29.Nf3 Be7 30.Nfe5 Nxe5 31.fxe5 c5
32.Kf3 c4 33.Nf4 Rh6 34.Kg2 Bg5 35.Nxd5 Bc1 36.b3 cxb3 37.axb3 Kf7 38.Nb4 Bb2
39.d5 Bxc3 40.Nd3 Rh4 41.e6+ Ke7 42.Kg3 Rd4 43.Nf4 Bb4 44.Kf3 Bd6 45.Ne2 Rxd5
46.Ng3 Bxg3 47.hxg3 Rd3+ 48.Kf4 Kxe6 {#R} 0-1